Statistics for Territory Changes in World War I (WWI)

Click here to take the quiz!

General Stats

  • This quiz has been taken 20,051 times
    (17,223 since last reset)
  • The average score is 24 of 31

Answer Stats

HintAnswer% Correct
Gained lands in Africa and the Middle East / Lost lands in EuropeUnited Kingdom
98%
Lost lands in Europe, Africa, Asia, and OceaniaGermany
97%
Lost lands in Eastern EuropeRussia
96%
Gained lands in Europe, Africa,
and the Middle East
France
96%
Gained Trieste, Zadar, South Tyrol,
and other small possessions
Italy
94%
CollapsedAustria-Hungary
94%
Newly independentAustria
93%
Gained scattered lands around the PacificJapan
90%
Newly IndependentPoland
89%
Newly independentHungary
88%
Gained Western ThraceGreece
87%
Gained NordschleswigDenmark
84%
Gained land in Africa and EuropeBelgium
84%
Gained New Guinea and Pacific islandsAustralia
84%
Gained lands in Eastern EuropeRomania
82%
Lost lands in the BalkansBulgaria
81%
Lost lands on the Pacific coastChina
81%
Newly independentYugoslavia
80%
Newly IndependentTurkey
77%
Newly independentCzechoslovakia
76%
CollapsedOttoman Empire
75%
Newly independentLatvia
74%
Newly independentFinland
74%
Newly independentEstonia
73%
Newly independentLithuania
73%
Gained arts of SamoaNew Zealand
67%
Merged with another nationSerbia
66%
Newly independentIrish Free State
55%
Merged with another nationMontenegro
48%
Gained lands in AfricaSouth Africa
46%
Newly independentDanzig
17%

Score Distribution

Percentile by Number Answered

Percent of People with Each Score

Your Score History

You have not taken this quiz since the last reset